| 000 | 00739nam a2200253Ia 4500 | ||
|---|---|---|---|
| 003 | OSt | ||
| 005 | 20220927105707.0 | ||
| 006 | a|||||r|||| 00| 0 | ||
| 007 | ta | ||
| 008 | 220926b |||||||| |||| 00| 0 eng d | ||
| 024 | _a201068 | ||
| 037 | _cReference Collections | ||
| 040 |
_aRTL _cRTL _beng |
||
| 041 |
_2eng _aeng |
||
| 082 | _a"D6,9(B)k, K9/RR" | ||
| 100 |
_aMeethan A.R. _9374224 |
||
| 245 | 0 | _a"Encyclopaedia of Linguistics, information & control" | |
| 260 |
_aOxford _bPaerganon Press _c1969 |
||
| 300 |
_a718p. _ccm. |
||
| 490 | _aPopular Social Science | ||
| 700 |
_a Huston R.A. _9374225 |
||
| 942 |
_h"D6,9(B)k, K9/RR" _cCC |
||
| 999 |
_c693926 _d693926 |
||